Aspects of food production, consumption, and energy values / (Record no. 5161)

000 -LEADER
fixed length control field 00860pam a2200253 a 4500
003 - CONTROL NUMBER IDENTIFIER
control field OSt
005 - DATE AND TIME OF LATEST TRANSACTION
control field 20220404133722.0
008 - FIXED-LENGTH DATA ELEMENTS--GENERAL INFORMATION
fixed length control field 890810s1990 sz a b 001 0 eng
020 ## - INTERNATIONAL STANDARD BOOK NUMBER
International Standard Book Number 3805549938
040 ## - CATALOGING SOURCE
Transcribing agency ALUPE UNIVERSITY
050 00 - LIBRARY OF CONGRESS CALL NUMBER
Classification number QP141
Item number .A87 1990 vol.61
Classification number RA601
245 00 - TITLE STATEMENT
Title Aspects of food production, consumption, and energy values /
Statement of responsibility, etc. volume editor, Geoffrey H. Bourne.
260 ## - PUBLICATION, DISTRIBUTION, ETC.
Place of publication, distribution, etc. Basel ;
-- New York :
Name of publisher, distributor, etc. Karger,
Date of publication, distribution, etc. c1990.
300 ## - PHYSICAL DESCRIPTION
Extent viii, 212 p. :
Other physical details ill. ;
Dimensions 25 cm.
440 #0 - SERIES STATEMENT/ADDED ENTRY--TITLE
Title World review of nutrition and dietetics ;
Volume/sequential designation vol. 61
504 ## - BIBLIOGRAPHY, ETC. NOTE
Bibliography, etc. note Includes bibliographical references.
650 #0 - SUBJECT ADDED ENTRY--TOPICAL TERM
Topical term or geographic name entry element Food supply.
650 #0 - SUBJECT ADDED ENTRY--TOPICAL TERM
Topical term or geographic name entry element Nutrition.
650 #0 - SUBJECT ADDED ENTRY--TOPICAL TERM
Topical term or geographic name entry element Food consumption.
650 #0 - SUBJECT ADDED ENTRY--TOPICAL TERM
Topical term or geographic name entry element Agriculture.
700 1# - ADDED ENTRY--PERSONAL NAME
Personal name Bourne, Geoffrey H.
Fuller form of name (Geoffrey Howard),
Dates associated with a name 1909-1988.
906 ## - LOCAL DATA ELEMENT F, LDF (RLIN)
a 7
b cbc
c orignew
d 1
e ocip
f 19
g y-gencatlg
942 ## - ADDED ENTRY ELEMENTS (KOHA)
Source of classification or shelving scheme
Koha item type Book
Holdings
Withdrawn status Lost status Source of classification or shelving scheme Damaged status Not for loan Permanent Location Current Location Shelving location Date acquired Source of acquisition Total Checkouts Full call number Barcode Date last seen Price effective from Koha item type Public note
          AU LIBRARY AU LIBRARY Open Shelf 04.04.2022 DONATION FROM MOI UNIVERSITY   QP141 .A87 1990 vol.61 28007755 04.04.2022 04.04.2022 Book WO

Powered by Koha